00880cam a22002291 4500001001300000003000400013005001700017008004100034010001700075035002000092040005100112042001200163050001600175100002800191245015100219260004400370300005900414490011200473650001500585700003300600999001700633gs 24000192 DLC20260227111328.0900521s1924 wauaf s000 0 eng c ags 24000192  a(OCoLC)21565236 aLibrary, U.S. Geological SurveycTxUdTxUdDLC apremarc00aTL671b.M551 aMinshall, Robert James.10aDevelopment of influence lines as applied to statically indeterminate airplane beams,cby Robert James Minshall and Frederick Burt Farquharson ... aSeattle, Wash.,bThe University,c1924. a15, [1] p.billus., plates, diagrs. (10 fold.)c23 cm.0 aWashington (State) University. Engineering Experiment Station. Engineering station series. Bulletinvno. 25 0aAirplanes.1 aFarquharson, Frederick Burt. c26330d26330